<?xml version="1.0" encoding="UTF-8"?>
<record
    xmlns:xsi="http://www.w3.org/2001/XMLSchema-instance"
    xsi:schemaLocation="http://www.loc.gov/MARC21/slim http://www.loc.gov/standards/marcxml/schema/MARC21slim.xsd"
    xmlns="http://www.loc.gov/MARC21/slim">

  <leader>00284nam a22000977a 4500</leader>
  <controlfield tag="008">231128b        |||||||| |||| 00| 0 eng d</controlfield>
  <datafield tag="082" ind1=" " ind2=" ">
    <subfield code="a">N / </subfield>
    <subfield code="b">GOMM1</subfield>
  </datafield>
  <datafield tag="100" ind1=" " ind2=" ">
    <subfield code="a">G&#xF3;mez Yebra Antonio A. </subfield>
    <subfield code="e">Autor</subfield>
    <subfield code="9">43007</subfield>
  </datafield>
  <datafield tag="245" ind1=" " ind2=" ">
    <subfield code="a">El maleficio de la princesa / </subfield>
    <subfield code="c">Antonio A. G&#xF3;mez Yebra </subfield>
  </datafield>
  <datafield tag="942" ind1=" " ind2=" ">
    <subfield code="2">ddc</subfield>
  </datafield>
  <datafield tag="999" ind1=" " ind2=" ">
    <subfield code="c">30428</subfield>
    <subfield code="d">16812</subfield>
  </datafield>
  <datafield tag="952" ind1=" " ind2=" ">
    <subfield code="0">0</subfield>
    <subfield code="1">0</subfield>
    <subfield code="2">ddc</subfield>
    <subfield code="4">0</subfield>
    <subfield code="6">N_GOMM1</subfield>
    <subfield code="7">0</subfield>
    <subfield code="8">FIC</subfield>
    <subfield code="9">17747</subfield>
    <subfield code="a">CPL</subfield>
    <subfield code="b">CPL</subfield>
    <subfield code="d">2023-11-28</subfield>
    <subfield code="l">0</subfield>
    <subfield code="o">N /  GOMM1</subfield>
    <subfield code="p">35714005585972</subfield>
    <subfield code="r">2023-11-28 00:00:00</subfield>
    <subfield code="t">Ej. 1 </subfield>
    <subfield code="w">2023-11-28</subfield>
    <subfield code="y">BK</subfield>
    <subfield code="z">Material interbibliotecario Bibliored </subfield>
  </datafield>
</record>
